01106nam a2200193Ia 4500001001000000003001000010008004100020040002500061041001300086100001800099245010200117250001100219260008800230300002800318500021100346501011400557520021100671650003000882L220-4082IT-CnALBA170116s9999||||xx |||||||||||||| ||und|| aIT-CnALBAcIT-CnALBA aITALIANO aAMOS, PROFETA 0aLA SACRA BIBBIA. VECCHIO TESTAMENTO. I DODICI PROFETI MINORI. I DUE LIBRI DEI MACCABEI. VOL. IX.  a1a ed. a MONDOVIbVESCOVILE TIPOG. EDITRICE c1898 [1° Ed.:1898 - Ed.Ling.Originale: 1898] a678 p. (prefazione: 36) aTRADUZIONE DALLA VOLGATA DI ANTONIO MARTINI. PROFETI MINORI: OSEA, GIOELE, AMOS, ABDIA, GIONA, MICHEA, NAUM, ABACUC, SOFONIA, AGEO, ZACCARIA, MALACHIA. I E II MACCABEI. INTRODUZIONE GENERALE E PARTICOLARI.  aSocietà San Paolo EM - Piazza San Paolo, 14 - 12051 ALBA (CN) (non commercial uses only) ® Copyright 2017 aTRADUZIONE DALLA VOLGATA DI ANTONIO MARTINI. PROFETI MINORI: OSEA, GIOELE, AMOS, ABDIA, GIONA, MICHEA, NAUM, ABACUC, SOFONIA, AGEO, ZACCARIA, MALACHIA. I E II MACCABEI. INTRODUZIONE GENERALE E PARTICOLARI.  aBIBBIA - TESTI E COMMENTI